000 00325nam a2200109Ia 4500
008 171211s9999 xx 000 0 und d
245 _aAuswirkungen der Reform der Leasingbilanzierung nach IFRS
245 _cMarkus Stockinger
260 _c2014
650 _xEconomics
856 _uhttp://down.ebook777.com/065/365808040X.pdf
999 _c348083
_d348083